| 000 | 00606nam a2200193 a 4500 | ||
|---|---|---|---|
| 001 | 000043351 | ||
| 005 | 20201002040834.0 | ||
| 008 | 140310s1996 sp 000 f spa d | ||
| 020 | _a8401463068 | ||
| 040 |
_aDO-SdBNP _bspa _cBNPHU |
||
| 100 | 1 |
_aPerry, Anne _970995 |
|
| 245 | 1 | 4 |
_aLos Crimenes de Cater Street. / _cAnne Perry; traducción Gloria Méndez. |
| 260 |
_aBarcelona, : _bPlaza & Janés, _c1996. |
||
| 300 |
_a321 p. ; _c18 cm. |
||
| 490 | 1 |
_aJet _v306/1 |
|
| 490 | 1 |
_aBiblioteca de Anne Perry _v1 |
|
| 700 | 1 | 2 |
_aMéndez, Gloria _etrad. _970996 |
| 830 | 0 |
_aLos Jet de Plaza & Janés _n306/1 _970997 |
|
| 999 |
_c42840 _d42840 |
||